Emotion, disclosure and health /

"Emotion, Disclosure and Health" addresses some of the basic issues of psychology and psychotherapy: how people respond to emotional upheavals, why they respond the way they do, and why translating emotional events into language increases physical and mental health. Drawing on work in clin...

Full description

Bibliographic Details
Other Authors: Pennebaker, James W.
Format: eBook
Language:English
Published: Washington, DC : American Psychological Association, [1995]
Subjects:
Online Access:Connect to the full text of this electronic book

MARC

Tag First Indicator Second Indicator Subfields
LEADER 00000cam a2200000Mi 4500
001 in00003519321
005 20190407115523.0
006 m o d
007 cr |||---|||||
008 950418s1995 dcua ob 001 0 eng d
010 |a  95016989  
015 |a GBA2-65712 
019 |a 221691974  |a 507814677 
020 |z 1557983089 (alk. paper) 
020 |z 9781557983084 (alk. paper) 
020 |a 1557989435 (pbk.) 
020 |a 9781557989437 (pbk.) 
035 |a (OCoLC)ocn227017083 
035 |a (OCoLC)227017083  |z (OCoLC)221691974  |z (OCoLC)507814677 
040 |a MNU  |b eng  |c MNU  |d ZCU  |d OCLCQ  |d AZK  |d AU@  |d YDXCP  |d OCLCQ  |d OCLCF  |d OCLCO  |d UtOrBLW 
049 |a TXAM 
050 4 |a RC455.4.E46  |b E46 1995 
082 0 4 |a 616.89  |2 20 
245 0 0 |a Emotion, disclosure and health /  |c James W. Pennebaker, editor. 
246 3 |a Emotion, disclosure, and health 
264 1 |a Washington, DC :  |b American Psychological Association,  |c [1995] 
264 4 |c ©1995 
300 |a 1 online resource (xiv, 337 pages) :  |b illustrations. 
336 |a text  |b txt  |2 rdacontent 
337 |a computer  |b c  |2 rdamedia 
338 |a online resource  |b cr  |2 rdacarrier 
504 |a Includes bibliographical references and index. 
520 |a "Emotion, Disclosure and Health" addresses some of the basic issues of psychology and psychotherapy: how people respond to emotional upheavals, why they respond the way they do, and why translating emotional events into language increases physical and mental health. Drawing on work in clinical, social, personality, and health psychology, as well as medical anthropology, the authors address these issues, drawing some stimulating conclusions about how an understanding of disclosure and health may be applied in clinically useful ways. (PsycINFO Database Record (c) 2004 APA, all rights reserved). 
588 |a Description based on print version record. 
505 0 |a Preface / James W. Pennebaker -- 1. Emotion, Disclosure, and Health: An Overview / James W. Pennebaker -- 2. A Cultural and Historical Perspective on Confession / Eugenia Georges -- 3. From Secrecy to Psychopathology / Daniel M. Wegner and Julie D. Lane -- 4. Disclosure and Worry: Opposite Sides of the Emotional Processing Coin / Thomas D. Borkovec, Lizabeth Roemer and John Kinyon -- 5. Disclosure as a Speech Act: Is It Psychotherapeutic to Disclose? / William B. Stiles -- 6. The Power of the Narrative: A Multiple Code Account / Wilma Bucci -- 7. Emotional Attention, Clarity, and Repair: Exploring Emotional Intelligence Using the Trait Meta-Mood Scale / Peter Salovey, John D. Mayer, Susan Lee Goldman, Carolyn Turvey and Tibor P. Palfai -- 8. Inhibition and Muscle Tension in Myogenic Pain / Harald C. Traue -- 9. Repression, Emotional Disclosure, and Health: Theoretical, Empirical, and Clinical Considerations / Gary E. Schwartz and John P. Kline. 
500 |a Electronic resource. 
650 0 |a Emotions  |x Health aspects. 
650 0 |a Mental health. 
650 0 |a Self-disclosure. 
650 2 |a Emotions. 
650 2 |a Mental Health. 
650 2 |a Self Disclosure. 
650 7 |a Emotions  |x Health aspects.  |2 fast  |0 (OCoLC)fst00908825 
650 7 |a Mental health.  |2 fast  |0 (OCoLC)fst01016339 
650 7 |a Self-disclosure.  |2 fast  |0 (OCoLC)fst01111620 
655 7 |a Electronic books.  |2 local 
700 1 |a Pennebaker, James W. 
730 0 |a PsycBOOKs. 
740 0 |a PsycBooks. 
856 4 0 |u http://proxy.library.tamu.edu/login?url=http://search.ebscohost.com/direct.asp?db=pzh&jid=199598769&scope=site  |z Connect to the full text of this electronic book  |t 0 
994 |a 92  |b TXA 
999 |a MARS 
999 f f |s bf1f846e-6583-3d67-8958-47c41bc840ae  |i 81b9987e-fdd9-3d64-ac06-6d6452f23d5a  |t 0 
952 f f |a Texas A&M University  |b College Station  |c Electronic Resources  |d Available Online  |t 0  |e RC455.4.E46 E46 1995  |h Library of Congress classification 
998 f f |a RC455.4.E46 E46 1995  |t 0  |l Available Online